000
00277nam a2200109Ia 4500
008
200302s9999 xx 000 0 und d
100
_a
Roy Hudenburg
245
_a
Planning the Community Hospital
260
_b
Tata Mcgraw-Hill Publishing Co.
260
_c
1967
300
_a
438 P.,
999
_c
5226
_d
5226